000
00326nam a2200121Ia 4500
008
220204s9999 xx 000 0 und d
082
_a
339.18(44)
_b
ECO
245
0
_a
Economics and commercial reports: France
260
_a
New Delhi
_b
Ministry of foreign trade
_c
1968
650
_a
Commerce
650
_a
Economics
942
_c
BK
999
_c
22175
_d
22175